Chatham-Kent Cities on a Map - Statistics

General Stats
  • This quiz has been taken 10 times
  • The average score is 10 of 21
Answers on the Map
Answers color-coded by a green-red scale on the quiz's map according to % correct below.
 
Answer Stats
Population City % Correct
44,000 City of Chatham
100%
4,687 Tilbury
83%
4,487 Blenheim
67%
2,401 Dresden
67%
363 Erieau
67%
10,323 Wallaceburg
67%
2,322 Wheatley
67%
905 Bothwell
50%
1,400* Howard
50%
150 Raleigh
50%
2,797 Ridgetown
50%
774 Thamesville
50%
? Tilbury East
50%
? Camden
33%
299 Highgate
33%
5,049 Orford
33%
1,046 Romney
33%
1,857 Zone
33%
153 Erie Beach
17%
6,515* Harwich
17%
579 Dover
0%
No matching quizzes found
Score Distribution
Percent of People with Each Score
Percentile by Number Answered
Your Score History
You have not taken this quiz